Dominar la Econometría. El camino que va de la causa al efecto

Сохранить в:
Библиографические подробности
Главные авторы: Angrist, Joshua D (Автор), Pischke, Jorn-Steffen (Автор)
Формат:
Язык:испанский
Опубликовано: Barcelona, España Antoni Bosch 2016
Редактирование:1a. ed
Предметы:
Online-ссылка:Disponible Online
Метки: Добавить метку
Нет меток, Требуется 1-ая метка записи!

MARC

LEADER 00000cam a2200000 a 4500
001 UCC5663
003 CL-VaPUC
005 20240606151335.0
008 181021e20160000sp |||||||||||||||||spa|d
999 |c 372804  |d 372802 
020 |a 9788494159503 
040 |c Pontificia Universidad Católica de Valparaíso 
082 0 4 |a 330.015195 ANG 2016  |2 21 
100 0 |a Angrist, Joshua D  |e author  |9 599994 
245 1 0 |a Dominar la Econometría.  |b El camino que va de la causa al efecto 
250 |a 1a. ed 
260 |a Barcelona, España   |b Antoni Bosch  |c 2016 
300 |a 318 páginas  
583 |a last modification  |c 20181021 19:29:00  |k Rodrigo Vera 
650 0 |a Econometría   |9 261029 
650 0 |a Estadística matemática  |9 260028 
650 0 |a Análisis de regresión   |9 263763 
700 0 |a Pischke, Jorn-Steffen  |e author  |9 599995 
856 |u http://bibliografiadigital.pucv.cl.pucv.idm.oclc.org/index.php/bibliotecapucv/catalog/book/350  |y Disponible Online  
942 |c BK  |2 ddc 
945 |d 20181021 19:29:00  |a dcastane 
952 |0 0  |1 0  |3 erb  |4 0  |6 330_015195000000000_ANG_2016  |7 0  |8 R  |9 490649  |a BIBENE  |b BIBENE  |i 5508444  |l 2  |o 330.015195 ANG 2016  |p 5508444  |r 2025-01-15  |s 2024-01-22  |w 2019-11-24  |y BK_R  |z Catalogado en:20181021  |k ICO